The Voice : saisons 1 à 12 - Statistiques

Statistiques générales
  • Ce quiz a été pris 316 fois
  • Le résultat moyen est 51 sur 68
Statistiques - réponses
Saisons Rôle Réponse % Correct
2 Coach Florent Pagny
95%
3 Coach Florent Pagny
95%
4 Coach Florent Pagny
95%
5 Coach Florent Pagny
95%
6 Coach Florent Pagny
95%
7 Coach Florent Pagny
95%
10 Coach Florent Pagny
95%
All Stars Coach Florent Pagny
95%
11 Coach Florent Pagny
95%
1 Coach Jenifer
95%
2 Coach Jenifer
95%
3 Coach Jenifer
95%
4 Coach Jenifer
95%
8 Coach Jenifer
95%
All Stars Coach Jenifer
95%
3 Coach Mika
91%
4 Coach Mika
91%
5 Coach Mika
91%
6 Coach Mika
91%
7 Coach Mika
91%
8 Coach Mika
91%
All Stars Coach Mika
91%
12 Super Coach Mika
91%
4 Coach Zazie
88%
5 Coach Zazie
88%
6 Coach Zazie
88%
7 Coach Zazie
88%
All Stars Coach Zazie
88%
12 Coach Zazie
88%
1 Coach Garou
85%
2 Coach Garou
85%
3 Coach Garou
85%
5 Coach Garou
85%
9 Coach Amel Bent
82%
10 Coach Amel Bent
82%
11 Coach Amel Bent
82%
12 Coach Amel Bent
82%
1 Coach Louis Bertignac
82%
2 Coach Louis Bertignac
82%
All Stars Vainqueur Anne Sila
80%
5 Vainqueur Slimane Nebchi
77%
12 Coach Bigflo et Oli
75%
3 Vainqueur Kendji Girac
72%
7 Coach Pascal Obispo
71%
9 Coach Pascal Obispo
71%
1 Coach Florent Pagny
67%
8 Coach Soprano
67%
6 Coach Matt Pokora
66%
All Stars Coach Patrick Fiori
66%
10 Coach Vianney
65%
11 Coach Vianney
65%
12 Coach Vianney
65%
9 Coach Marc Lavoine
64%
10 Coach Marc Lavoine
64%
11 Coach Marc Lavoine
64%
9 Coach Lara Fabian
62%
11 Coach surprise Nolwenn Leroy
56%
8 Coach Julien Clerc
53%
7 Vainqueur Maëlle Pistroia
48%
9 Vainqueur Abi Bernadoth
44%
4 Vainqueur Lilian Renaud
41%
6 Vainqueur Lisandro Cuxi
38%
1 Vainqueur Stéphan Rizon
37%
11 Vainqueur Nour Brousse
36%
12 Vainqueur Aurélien Vivos
34%
2 Vainqueur Yoann Fréget
29%
8 Vainqueur Whitney Marin
27%
10 Vainqueur Marghe Davico
25%
Aucun quiz correspondant
Distribution des résultats
% des personnes avec chaque résultat
Percentile par nombre de réponses
Votre historique - résultats
Vous n’avez pas pris ce quiz